|
|
|
|
| LEADER |
02104nam a2200313 a 4500 |
| 001 |
GR-Patra14906 |
| 008 |
020923s1999 gr b 000 0 gre d |
| 020 |
|
|
|a 9602864117
|
| 040 |
|
|
|a GrPaTEI
|b gre
|c GR-PaULI
|
| 040 |
|
|
|a GrPaTEI
|b gre
|c GR-PaULI
|
| 082 |
|
0 |
|a 658.804
|2 21
|
| 100 |
1 |
|
|a Πολλάλης, Γιάννης Α.
|
| 245 |
1 |
0 |
|a Βιομηχανικό Marketing /
|c Γιάννης Α. Πολλάλης, Δημήτριος Θ. Πατρινός ; Πρόλογος: Προλογίζει ο καθηγητής του Αριστοτελείου Πανεπιστημίου Θεσσαλονίκης Άγγελος Α. Τσακλαγκάνος ; Επιστημονική συνεργασία Θανάση Παπαδημητρίου.
|
| 260 |
|
|
|a [Αθήνα] :
|b 'Έλλην,
|c c1999
|
| 300 |
|
|
|a 596σ.
|
| 500 |
|
|
|a Τμήμα Επιχειρηματικού Σχεδιασμού και Πληροφοριακών Συστημάτων: 24834
|
| 504 |
|
|
|a Περιλαμβάνει βιβλιογραφία.
|
| 610 |
2 |
4 |
|a Τμήμα Επιχειρηματικού Σχεδιασμού και Πληροφοριακών Συστημάτων
|
| 650 |
|
4 |
|a ΜΑΡΚΕΤΙΝΓΚ, ΒΙΟΜΗΧΑΝΙΚΟ
|
| 700 |
1 |
|
|a Παπαδημητρίου, Θανάσης
|
| 700 |
1 |
|
|a ΠΑΤΡΙΝΟΣ, ΔΗΜΗΤΡΙΟΣ Θ.
|
| 700 |
1 |
|
|a Τσακλαγκάνος, Αγγελος Α.
|
| 710 |
0 |
|
|a Ελλην
|
| 942 |
|
|
|2 ddc
|
| 952 |
|
|
|0 1
|1 0
|2 ddc
|4 0
|6 658_804000000000000_ΠΟΛ
|7 0
|9 293802
|a LISK
|b LISK
|c BSC
|d 2021-01-17
|e 24
|f 0
|g 0.00
|l 0
|o 658.804 ΠΟΛ
|p 92410028015
|r 2021-01-17 00:00:00
|t 1
|w 2021-01-17
|y BK15
|x 20060123 0 1
|x GrPaTEI
|
| 952 |
|
|
|0 0
|1 0
|2 ddc
|4 0
|6 658_804000000000000_ΠΟΛ
|7 1
|9 293803
|a LISK
|b LISK
|c BSC
|d 2021-01-17
|e 24
|f 0
|g 0.00
|l 0
|o 658.804 ΠΟΛ
|p 92410024834
|r 2021-01-17 00:00:00
|t 1
|w 2021-01-17
|y BKN
|x 20040422 0 0
|x GrPaTEI
|
| 952 |
|
|
|0 0
|1 0
|2 ddc
|4 0
|6 658_804000000000000_ΠΟΛ
|7 0
|9 293806
|a LISK
|b LISK
|c ALF
|d 2021-01-17
|e 24
|f 0
|g 0.00
|l 0
|o 658.804 ΠΟΛ
|p 92410028017
|r 2021-01-17 00:00:00
|t 1
|w 2021-01-17
|y BK15
|x 20060123 0 1
|x GrPaTEI
|
| 971 |
|
|
|a .b26624217
|b 15-04-20
|c 23-09-16
|
| 999 |
|
|
|c 171733
|d 171733
|